| 000 | 00323 a2200121 4500 | ||
|---|---|---|---|
| 001 | 66217 | ||
| 082 |
_a629.1323 SME _bCD |
||
| 090 |
_c38506 _d38506 |
||
| 100 | _aSmetana, F. o. | ||
| 245 |
_aFlight vehicle performance and aerodynamic control software With CD _cCD/DVD |
||
| 260 |
_aUSA _bAIAA _c2001 |
||
| 500 | _aCD/DVD | ||
| 942 |
_aNUST-CAE _k629.1323 SME |
||
| 999 |
_c301290 _d301290 |
||